Представление документа в формате MARC21

Поле Инд. ПП Название Значение
Тип записи a
Библиографический уровень m
001 Контрольный номер RU/IS/BASE/254423400
005 Дата корректировки 20220801134552.8
040 b Код языка каталог. rus
041 a Код языка текста rus
080 a Индекс УДК 004.42
084 a Индекс другой классификации/Индекс ББК 32.976.26-018.2
090 a Полочн. индекс 517
c Каталожный индекс 517.37:518.5
x Авторский знак Г63
097 b Оператор 12
100 a Автор Гольдфайн И. И.
245 a Заглавие Стандартная программа для вычисления однократных интегралов с автоматическим выбором шага интегрирования
c Ответственность под общ. ред. В. В. Воеводина
260 a Место издания М.
b Издательство МГУ
c Дата издания 1969
300 a Объем 18 с.
440 a Серия Стандартные программы решения типовых математических задач на машине
510 a Примечание о ссылках Книги и методические пособия
650 a Основная рубрика 50.41 Программное обеспечение вычислительных машин, комплексов и сетей
x Основная подрубрика 50.41.23 Программное обеспечение вычислительных сетей
653 a Ключевые слова программы (выч. техника); интегралы; цифровые вычислительные машины; применение ЭВМ
901 t Тип документа m